<?xml version="1.0" encoding="UTF-8"?><?xml-stylesheet type="text/xsl" href="static/style.xsl"?><OAI-PMH xmlns="http://www.openarchives.org/OAI/2.0/" xmlns:xsi="http://www.w3.org/2001/XMLSchema-instance" xsi:schemaLocation="http://www.openarchives.org/OAI/2.0/ http://www.openarchives.org/OAI/2.0/OAI-PMH.xsd"><responseDate>2026-04-17T13:51:57Z</responseDate><request verb="GetRecord" identifier="oai:riubu.ubu.es:10259/9859" metadataPrefix="marc">https://riubu.ubu.es/oai/request</request><GetRecord><record><header><identifier>oai:riubu.ubu.es:10259/9859</identifier><datestamp>2025-01-11T01:05:26Z</datestamp><setSpec>com_10259_4734</setSpec><setSpec>com_10259_5086</setSpec><setSpec>com_10259_2604</setSpec><setSpec>col_10259_4735</setSpec></header><metadata><record xmlns="http://www.loc.gov/MARC21/slim" xmlns:doc="http://www.lyncode.com/xoai" xmlns:xsi="http://www.w3.org/2001/XMLSchema-instance" xmlns:dcterms="http://purl.org/dc/terms/" xsi:schemaLocation="http://www.loc.gov/MARC21/slim http://www.loc.gov/standards/marcxml/schema/MARC21slim.xsd">
<leader>00925njm 22002777a 4500</leader>
<datafield tag="042" ind1=" " ind2=" ">
<subfield code="a">dc</subfield>
</datafield>
<datafield tag="720" ind1=" " ind2=" ">
<subfield code="a">Gracia Leiva, Marcela</subfield>
<subfield code="e">author</subfield>
</datafield>
<datafield tag="720" ind1=" " ind2=" ">
<subfield code="a">Puente Martínez, Alicia</subfield>
<subfield code="e">author</subfield>
</datafield>
<datafield tag="720" ind1=" " ind2=" ">
<subfield code="a">Ubillos Landa, Silvia</subfield>
<subfield code="e">author</subfield>
</datafield>
<datafield tag="720" ind1=" " ind2=" ">
<subfield code="a">González Castro, José Luis</subfield>
<subfield code="e">author</subfield>
</datafield>
<datafield tag="720" ind1=" " ind2=" ">
<subfield code="a">Páez Rovira, Darío .</subfield>
<subfield code="e">author</subfield>
</datafield>
<datafield tag="260" ind1=" " ind2=" ">
<subfield code="c">2020-05</subfield>
</datafield>
<datafield tag="520" ind1=" " ind2=" ">
<subfield code="a">Dating violence (DV) is a public health problem among young people, especially&#xd;
women. It involves violent acts towards one’s partner and occurs face-to-face (offline) or through&#xd;
the Internet (online). Offline DV is linked to suicidal ideation and attachment to parents and peers.&#xd;
Fewer studies analyze the psychological and social consequences of online DV. This study tests the&#xd;
link between young women’s DV victimization (off- and online), suicide risk (SR), and parent and&#xd;
peer support in a sample of young Spanish females (N = 1227) (Mage=19, SD = 2.82; range = 13–28).&#xd;
Results confirm that compared to non-victims off- and online DV increase suicidal thoughts and&#xd;
attempts. This effect is stronger for victims of both types of DV (thoughts: OR offline DV = 3.11;&#xd;
CI95% 2.06, 4.69; OR online DV = 2.37; CI95% 1.69, 3.32; OR off-online DV = 4.19 CI95% 2.44, 7.17)&#xd;
(attempts: OR offline DV = 4.02; CI95% 1.83, 8.81; OR online DV = 3.69; CI95% 1.96, 7.01; OR off-online&#xd;
DV = 10.55 CI95% 2.56, 44.43). Mediation and moderation models were used to assess the effect of&#xd;
perceived attachment of parents and friends in DV victims and SR. Mediation analyses indicated&#xd;
that perceived attachment and proximity to parents and peers reduces the impact of DV on SR.&#xd;
Moderation analyses showed that a high level of perceived peer attachment reduces the effect of&#xd;
offline DV on SR. Regarding off-online DV, a high level of perceived parent attachment mitigates&#xd;
suicide risk. Loneliness, lack of care from loved ones, and thwarted belongingness increase suicidal&#xd;
thoughts in DV victims. Peers and parents’ proximity may prevent risk behaviors in DV victims.</subfield>
</datafield>
<datafield tag="024" ind2=" " ind1="8">
<subfield code="a">http://hdl.handle.net/10259/9859</subfield>
</datafield>
<datafield tag="024" ind2=" " ind1="8">
<subfield code="a">10.3390/ijerph17093174</subfield>
</datafield>
<datafield tag="024" ind2=" " ind1="8">
<subfield code="a">1660-4601</subfield>
</datafield>
<datafield ind1=" " ind2=" " tag="653">
<subfield code="a">Dating violence</subfield>
</datafield>
<datafield ind1=" " ind2=" " tag="653">
<subfield code="a">Cyber dating violence</subfield>
</datafield>
<datafield ind1=" " ind2=" " tag="653">
<subfield code="a">Women</subfield>
</datafield>
<datafield ind1=" " ind2=" " tag="653">
<subfield code="a">Adolescence</subfield>
</datafield>
<datafield ind1=" " ind2=" " tag="653">
<subfield code="a">Suicide risk</subfield>
</datafield>
<datafield ind1=" " ind2=" " tag="653">
<subfield code="a">Peer attachment</subfield>
</datafield>
<datafield ind1=" " ind2=" " tag="653">
<subfield code="a">Parent attachment</subfield>
</datafield>
<datafield tag="245" ind1="0" ind2="0">
<subfield code="a">Off- and Online Heterosexual Dating Violence, Perceived Attachment to Parents and Peers and Suicide Risk in Young Women</subfield>
</datafield>
</record></metadata></record></GetRecord></OAI-PMH>